| 000 | 01393cam a22002415a 4500 | ||
|---|---|---|---|
| 001 | ##L135433 | ||
| 008 | 061026s2006 xxkk f 000 0 eng u | ||
| 020 |
_a1842193015 _a9781842193015 |
||
| 041 | 0 | _aeng | |
| 050 | 0 | 4 | _a333.332 |
| 110 | 2 |
_aRoyal Institution of Chartered Surveyors _bValuation Faculty _94354 |
|
| 245 | 0 | 0 |
_aRight to buy _bvaluations for right to buy, right to acquire and equity sharing of social housing _bRICS code of practice _h[archived] |
| 250 | _aReplaced by 2009 edition | ||
| 260 |
_aLondon, _bRICS, _c2006 |
||
| 300 |
_a38p. _c30cm. |
||
| 350 | _a25 | ||
| 490 | 0 | _aRICS Code of Practice | |
| 520 | _aOut of date and archived. First published 2006, revised in 2009. | ||
| 520 | _aRICS Code of Practice applies to all valuations of social homes whether for Right to Buy/Right to Acquire or equity sharing purposes. Because the valuation element cannot be considered in isolation, this Code also deals with the whole process from the receipt of the tenant's application. Developed in response to the College of Estate Management report Valuing For Right To Buy (J126372). Includes information on statutory frameworks; the valuation processes; appeals procedures; communications and monitoring; records; and includes sample forms. | ||
| 651 | 4 | _aUnited Kingdom | |
| 690 | _aPROPERTY-RESIDENTIAL PROPERTY-OWNER-OCCUPIED RESIDENTIAL PROPERTY | ||
| 942 |
_n0 _2ddc |
||
| 999 |
_c106060 _d106060 |
||